[Event "Dyfed op 49th"]
[Site "Fishguard"]
[Date "2020.02.15"]
[Round "2"]
[White "Francis, Matthew"]
[Black "Miles, Richard"]
[Result "0-1"]
[WhiteElo "1642"]
[BlackElo "1968"]
[PlyCount "80"]
[EventDate "2020.02.14"]
[EventType "swiss"]
[EventRounds "5"]
[EventCountry "WLS"]
[SourceTitle "EXT 2022"]
[Source "ChessBase"]
[SourceDate "2021.10.06"]
[SourceVersion "1"]
[SourceVersionDate "2021.10.06"]
[SourceQuality "1"]

1. e4 c5 2. Nf3 Nc6 3. Bb5 g6 4. 0-0 Bg7 5. Re1 Nf6 6. c3 0-0 7. d4 d5 8. exd5 Qxd5 9. c4 Qd6 10. d5 Nd4 11. Nxd4 cxd4 12. Bg5 e6 13. dxe6 Bxe6 14. Nd2 a6 15. Bxf6 Bxf6 16. Ne4 Qd8 17. Nxf6+ Qxf6 18. Ba4 Bxc4 19. Qd2 Rfd8 20. Bd1 Bd5 21. Be2 Kg7 22. b3 h5 23. Bd3 Rd7 24. Rac1 Rad8 25. Qe2 Qg5 26. Qe5+ Qxe5 27. Rxe5 Kf6 28. Rce1 Rd6 29. f4 Re6 30. Kf2 Rde8 31. Rxe6+ Rxe6 32. Rxe6+ Kxe6 33. g3 f5 34. Ke2 Kd6 35. Kd2 Kc5 36. Kc1 b5 37. Kb2 Be4 38. Be2 d3 39. Bd1 Kd4 40. Kc1 Kc3 0-1

[Event "Dyfed op 47th"]
[Site "Fishguard"]
[Date "2018.02.18"]
[Round "5"]
[White "Francis, Matthew"]
[Black "Haigh, Tony"]
[Result "0-1"]
[WhiteElo "1694"]
[BlackElo "1799"]
[PlyCount "60"]
[EventDate "2018.02.16"]
[EventType "swiss"]
[EventRounds "5"]
[EventCountry "WLS"]
[SourceTitle "EXT 2020"]
[Source "ChessBase"]
[SourceDate "2019.10.17"]
[SourceVersion "1"]
[SourceVersionDate "2019.10.17"]
[SourceQuality "1"]

1. d4 e6 2. Nf3 f5 3. e3 Nf6 4. Bd3 b6 5. Nbd2 Bb7 6. 0-0 Be7 7. b3 d6 8. Bb2 Qd7 9. c4 0-0 10. Qc2 Nc6 11. a3 d5 12. cxd5 Nxd5 13. Bb5 a6 14. Ne5 Nxd4 15. Bxd7 Nxc2 16. Bxe6+ Kh8 17. Ra2 Ncxe3 18. fxe3 Nxe3 19. Rc1 Nxg2 20. Ndf3 Nf4 21. Nf7+ Rxf7 22. Bxf7 Bxf3 23. Rxc7 Bc5+ 24. Rxc5 bxc5 25. Kf2 Bd5 26. Bxd5 Nxd5 27. Bc1 Nc3 28. Rc2 Ne4+ 29. Kf3 g6 30. Be3 Rb8 0-1

[Event "Dyfed op 47th"]
[Site "Fishguard"]
[Date "2018.02.17"]
[Round "2"]
[White "Francis, Matthew"]
[Black "Orton, Paul"]
[Result "1/2-1/2"]
[WhiteElo "1694"]
[BlackElo "1608"]
[PlyCount "59"]
[EventDate "2018.02.16"]
[EventType "swiss"]
[EventRounds "5"]
[EventCountry "WLS"]
[SourceTitle "EXT 2020"]
[Source "ChessBase"]
[SourceDate "2019.10.17"]
[SourceVersion "1"]
[SourceVersionDate "2019.10.17"]
[SourceQuality "1"]

1. e4 e5 2. Nc3 Nf6 3. f4 d5 4. fxe5 Nxe4 5. d3 Nxc3 6. bxc3 c5 7. Nf3 Nc6 8. Be2 Be7 9. 0-0 0-0 10. d4 Be6 11. Be3 b6 12. Qd2 Bf5 13. Bg5 c4 14. Bxe7 Qxe7 15. a4 Rfd8 16. Ra2 h6 17. Qf4 Be6 18. Raa1 Qd7 19. h3 Ne7 20. g4 Ng6 21. Qg3 Rf8 22. Kh2 Rae8 23. Nh4 Nxh4 24. Qxh4 Qe7 25. Qxe7 Rxe7 26. a5 b5 27. a6 Rb8 28. Bf3 Rb6 29. Ra5 Re8 30. Rb1 1/2-1/2

[Event "Dyfed op 45th"]
[Site "Fishguard"]
[Date "2016.02.27"]
[Round "2"]
[White "Bevan, Peter M"]
[Black "Francis, Matthew"]
[Result "1-0"]
[WhiteElo "1999"]
[BlackElo "1581"]
[PlyCount "65"]
[EventDate "2016.02.26"]
[EventType "swiss"]
[EventRounds "5"]
[EventCountry "WLS"]
[SourceTitle "EXT 2018"]
[Source "ChessBase"]
[SourceDate "2017.10.13"]
[SourceVersion "1"]
[SourceVersionDate "2017.10.13"]
[SourceQuality "1"]

1. c4 c5 2. Nc3 Nc6 3. g3 g6 4. b3 Bg7 5. Bb2 e6 6. e4 Nge7 7. Bg2 0-0 8. Nge2 f5 9. d3 d6 10. 0-0 e5 11. Nd5 Nxd5 12. exd5 Nd4 13. f4 Nxe2+ 14. Qxe2 Re8 15. Qc2 g5 16. Rae1 gxf4 17. gxf4 Bd7 18. Qf2 Kh8 19. fxe5 dxe5 20. Qxc5 f4 21. Qd6 Bf5 22. Qxd8 Raxd8 23. Be4 Bh3 24. Bg2 Bf5 25. Rd1 b6 26. d4 e4 27. Rxf4 Bg6 28. Re1 e3 29. Rf3 e2 30. Kf2 Bh5 31. Rh3 Rf8+ 32. Bf3 Bg4 33. Rg3 1-0

[Event "Dyfed op 45th"]
[Site "Fishguard"]
[Date "2016.02.27"]
[Round "3"]
[White "May, Adam John"]
[Black "Francis, Matthew"]
[Result "1-0"]
[WhiteElo "1899"]
[BlackElo "1581"]
[PlyCount "73"]
[EventDate "2016.02.26"]
[EventType "swiss"]
[EventRounds "5"]
[EventCountry "WLS"]
[SourceTitle "EXT 2018"]
[Source "ChessBase"]
[SourceDate "2017.10.13"]
[SourceVersion "1"]
[SourceVersionDate "2017.10.13"]
[SourceQuality "1"]

1. c4 c5 2. g3 Nc6 3. Bg2 g6 4. Nc3 Bg7 5. Nf3 Nf6 6. d4 cxd4 7. Nxd4 0-0 8. 0-0 a6 9. h3 Nxd4 10. Qxd4 d6 11. Qd3 Rb8 12. Be3 Bf5 13. Qd2 Qd7 14. Kh2 Rbc8 15. g4 Be6 16. Nd5 Bxd5 17. cxd5 Qb5 18. Rac1 Nd7 19. b3 a5 20. Bg5 Bf6 21. Bxf6 Nxf6 22. g5 Nd7 23. Qe3 Rxc1 24. Rxc1 Nb6 25. Qxe7 Nxd5 26. Qxd6 Nb4 27. a3 Na6 28. Bd5 Qxe2 29. Qf6 Qe8 30. Kg2 Qd7 31. Qf3 Nc7 32. Bxb7 Ne6 33. Rd1 Qb5 34. h4 Ng7 35. Be4 Rb8 36. Rd5 Qxb3 37. Rd8+ 1-0